| 000 | 01344nac a22003491i 4500 | ||
|---|---|---|---|
| 003 | EG-ScBUE | ||
| 005 | 20240702105022.0 | ||
| 008 | 240702t2002 caua f b 001 0 eng d | ||
| 020 | _a0155016989 | ||
| 020 | _a9780155016989 | ||
| 040 |
_aEG-ScBUE _beng _erda _cEG-ScBUE _dEG-ScBUE |
||
| 043 | _an-us--- | ||
| 082 | 0 | 4 |
_a973.92 _bKAT _222 |
| 100 | 1 |
_aKatznelson, Ira, _eauthor. |
|
| 245 | 1 | 4 |
_aThe politics of power : _ba critical introduction to American government / _cIra Katznelson, Columbia University, Mark Kesselman, Columbia University, Alan Draper, St. Lawrence University. |
| 250 | _aFourth edition. | ||
| 264 | 1 |
_a[Belmont, California] : _bWadsworth/Thomson Learning, _c[2002] |
|
| 264 | 4 | _cc2002 | |
| 300 |
_axiii, 409 pages : _billustrations ; _c24 cm |
||
| 336 |
_2rdacontent _atext _btxt |
||
| 337 |
_aunmediated _2rdamedia _bn |
||
| 338 |
_avolume _bnc _2rdacarrier |
||
| 504 | _aIncludes bibliographical references and index. | ||
| 650 | 7 |
_aBig business _zUnited States. _2BUEsh |
|
| 651 | 7 |
_aUnited States _xPolitics and government _y1945-1989. _2BUEsh |
|
| 651 | 7 |
_aUnited States _xPolitics and government _y1989- _2BUEsh |
|
| 651 | 7 |
_aUnited States _xEconomic conditions _y1945- _2BUEsh |
|
| 655 | _vReading book | ||
| 700 | 1 |
_aKesselman, Mark, _eauthor. |
|
| 700 | 1 |
_aDraper, Alan, _eauthor. |
|
| 942 |
_cBB _2ddc |
||
| 999 |
_c7464 _d7464 |
||